000 00395nam a22001697a 4500
003 MPLRDC
005 20220104150241.0
008 210129b ||||| |||| 00| 0 eng d
020 _a888-98-199-035
082 _a947.416 SH v.3
100 _a孙行、任红
245 _a滚球王. 3
_c
260 _a
_b讲谈社
_c
300 _b
650 _a长篇漫画
942 _cBK
_o947.416 SH v.3
999 _c51770
_d51760